[Event "5. Int. Neckar-Open (A)"]
[Site "Deizisau"]
[Date "2001.04.12"]
[Round "1"]
[White "Graf, Alexander"]
[Black "Rolle, Eric"]
[Result "1-0"]
[WhiteElo "2649"]
[BlackElo "2113"]
[PlyCount "47"]

1. d4 d5 2. c4 e6 3. Nc3 Nf6 4. Bg5 Be7 5. e3 O-O 6. Rc1 Ne4 7. Bxe7 Qxe7 8.
Bd3 f5 9. Nf3 c6 10. O-O Nd7 11. Qb3 Ndf6 12. Bxe4 dxe4 13. Ne5 c5 14. Qa3 b6
15. Rfd1 Bb7 16. dxc5 bxc5 17. Qa5 Rfd8 18. Na4 Rxd1+ 19. Rxd1 Rc8 20. Nxc5
Rxc5 21. Rd8+ Ne8 22. Rxe8+ Qxe8 23. Qxc5 Qa4 24. Qd6 1-0

[Event "5. Int. Neckar-Open (A)"]
[Site "Deizisau"]
[Date "2001.04.12"]
[Round "1"]
[White "Osmanovic, Farik"]
[Black "Tregubov, Pavel"]
[Result "0-1"]
[WhiteElo "2113"]
[BlackElo "2628"]
[PlyCount "86"]

1. e4 c5 2. Nf3 Nc6 3. d4 cxd4 4. Nxd4 e5 5. Nb5 d6 6. N1c3 a6 7. Na3 b5 8. Nd5
Nge7 9. c4 Nxd5 10. Qxd5 Bd7 11. Nc2 Rb8 12. cxb5 axb5 13. Be2 Qc8 14. O-O Be6
15. Qd1 Be7 16. b3 O-O 17. Bb2 Bg5 18. Bc1 Bf6 19. Ne3 Nd4 20. Bg4 Qb7 21. Bf3
d5 22. exd5 Nxf3+ 23. gxf3 Rfd8 24. Bb2 Bxd5 25. Nxd5 Rxd5 26. Qe2 Rbd8 27.
Rfd1 h6 28. Rxd5 Qxd5 29. Re1 Rd6 30. Bc3 Qc6 31. Bb2 Qd7 32. Bc1 Qh3 33. Be3
e4 34. Bf4 exf3 35. Qf1 Qg4+ 36. Bg3 Rd2 37. Kh1 Re2 38. Rc1 h5 39. h3 Qe4 40.
Kh2 h4 41. Bc7 Bd4 42. Kh1 Bxf2 43. Bb8 Bg3 0-1

[Event "5. Int. Neckar-Open (A)"]
[Site "Deizisau"]
[Date "2001.04.12"]
[Round "1"]
[White "Ftacnik, Lubomir"]
[Black "Sand, Rolf"]
[Result "1-0"]
[WhiteElo "2618"]
[BlackElo "2113"]
[PlyCount "61"]

1. d4 Nf6 2. Nf3 g6 3. c4 Bg7 4. Nc3 d5 5. Bf4 O-O 6. Rc1 dxc4 7. e3 c5 8. Bxc4
cxd4 9. Nxd4 Nc6 10. Nxc6 Qxd1+ 11. Kxd1 bxc6 12. Ke2 Nd5 13. Nxd5 cxd5 14.
Bxd5 Ba6+ 15. Kf3 Rad8 16. Rhd1 e6 17. Bb3 Bb7+ 18. Kg3 Bxb2 19. Rc7 Rxd1 20.
Bxd1 Bd5 21. Rxa7 Kg7 22. Bf3 Rc8 23. Bxd5 exd5 24. a4 h6 25. Kf3 g5 26. Bc7
Kg6 27. a5 Kf5 28. a6 d4 29. Rb7 d3 30. e4+ Kf6 31. Ke3 1-0

[Event "5. Int. Neckar-Open (A)"]
[Site "Deizisau"]
[Date "2001.04.12"]
[Round "1"]
[White "Niedermair, Hanne"]
[Black "Landa, Konstantin"]
[Result "0-1"]
[WhiteElo "2108"]
[BlackElo "2610"]
[PlyCount "50"]

1. Nf3 c5 2. g3 g6 3. Bg2 Bg7 4. e4 Nc6 5. d3 d6 6. O-O e5 7. Nbd2 Nge7 8. c3
O-O 9. a4 h6 10. Nc4 Be6 11. Nfd2 Qd7 12. f4 exf4 13. gxf4 d5 14. Na3 Rad8 15.
Qe1 d4 16. c4 Nb4 17. Qg3 Qxa4 18. f5 gxf5 19. exf5 Nxf5 20. Rxf5 Bxf5 21. b3
Qa6 22. Be4 Qg6 23. Bxf5 Qxf5 24. Ne4 Kh7 25. Bf4 Rg8 0-1

[Event "5. Int. Neckar-Open (A)"]
[Site "Deizisau"]
[Date "2001.04.12"]
[Round "1"]
[White "Milov, Vadim"]
[Black "Ramin, Michael"]
[Result "1-0"]
[WhiteElo "2604"]
[BlackElo "2108"]
[PlyCount "55"]

1. d4 Nf6 2. c4 g6 3. Nc3 Bg7 4. e4 d6 5. Be2 O-O 6. Bg5 h6 7. Be3 Nbd7 8. Qd2
Kh7 9. f3 e5 10. d5 a5 11. g4 b6 12. Nh3 Nc5 13. Nf2 Qe7 14. h4 Ng8 15. h5 g5
16. b3 f6 17. O-O Na6 18. a3 Bd7 19. Rab1 Rfb8 20. b4 axb4 21. axb4 Rb7 22.
Rfc1 Rba7 23. Nd3 Bf8 24. Bf1 Qd8 25. Rb2 Qc8 26. Qf2 Be8 27. Ne2 c5 28. dxc6
1-0

[Event "5. Int. Neckar-Open (A)"]
[Site "Deizisau"]
[Date "2001.04.12"]
[Round "1"]
[White "Jerosch, Gunnar"]
[Black "Horvath, Joszef"]
[Result "1/2-1/2"]
[WhiteElo "2106"]
[BlackElo "2251"]
[PlyCount "56"]

1. d4 Nf6 2. c4 e6 3. Nf3 d5 4. cxd5 exd5 5. Bg5 c6 6. Qc2 Na6 7. a3 Nc7 8. e3
Be7 9. Bd3 Ne6 10. Bh4 g6 11. Nc3 O-O 12. O-O Ng7 13. b4 a6 14. Rfb1 Bf5 15. a4
Rc8 16. Ne5 Re8 17. Bg5 Nd7 18. Bxe7 Qxe7 19. Bxf5 Nxf5 20. Nxd7 Qxd7 21. Qd3
Qe7 22. b5 axb5 23. axb5 Ra8 24. bxc6 bxc6 25. Ne2 Nd6 26. Nf4 Nc4 27. Qc3 Rxa1
28. Rxa1 Qb7 1/2-1/2

[Event "5. Int. Neckar-Open (A)"]
[Site "Deizisau"]
[Date "2001.04.12"]
[Round "1"]
[White "Rogers, Ian"]
[Black "Pelt, Alexander"]
[Result "1-0"]
[WhiteElo "2529"]
[BlackElo "2105"]
[PlyCount "79"]

1. e4 e6 2. Nf3 d5 3. Nc3 Nf6 4. e5 Nfd7 5. d4 Be7 6. h4 c5 7. dxc5 Nc6 8. Bf4
a6 9. a3 Qc7 10. Bd3 Ncxe5 11. Nxe5 Nxe5 12. O-O Bxc5 13. Nxd5 Qd8 14. Bxe5
Qxd5 15. Re1 f6 16. c4 Qd7 17. Bc3 O-O 18. Bxh7+ Kxh7 19. Qh5+ Kg8 20. Qxc5 Qc6
21. Qxc6 bxc6 22. Rad1 Ra7 23. Rd6 Bd7 24. f4 Kf7 25. Red1 Ke8 26. h5 Rh8 27.
g4 Ke7 28. Kf2 Rh7 29. Kg3 Be8 30. Bb4 Kf7 31. Rd8 a5 32. Bc5 Rb7 33. b4 axb4
34. axb4 Rh8 35. g5 e5 36. Kg4 fxg5 37. fxg5 g6 38. h6 Ke6 39. R1d6+ Kf7 40.
Rf6+ 1-0

[Event "5. Int. Neckar-Open (A)"]
[Site "Deizisau"]
[Date "2001.04.12"]
[Round "1"]
[White "Brendel, Bergit Dr"]
[Black "Kekelidze, Mikheil"]
[Result "0-1"]
[WhiteElo "2102"]
[BlackElo "2512"]
[PlyCount "39"]

1. e4 c5 2. Nf3 e6 3. d4 cxd4 4. Nxd4 a6 5. Nc3 b5 6. Bd3 Qb6 7. Nf3 Nc6 8. O-O
d6 9. Bd2 Nf6 10. a4 b4 11. a5 Nxa5 12. Na4 Qb8 13. c3 Nc6 14. cxb4 Nxb4 15.
Be3 Nd7 16. Bc4 Be7 17. Nd4 O-O 18. Ra3 Nc5 19. Nc3 Bb7 20. Qg4 {
Rest nicht rekonstruierbar} 0-1

[Event "5. Int. Neckar-Open (A)"]
[Site "Deizisau"]
[Date "2001.04.12"]
[Round "1"]
[White "Schlosser, Philipp"]
[Black "Rebitzer, Wolfgang"]
[Result "1-0"]
[WhiteElo "2511"]
[BlackElo "2099"]
[PlyCount "51"]

1. d4 Nf6 2. c4 e6 3. Nc3 c5 4. d5 exd5 5. cxd5 d6 6. e4 g6 7. f4 Bg7 8. Bb5+
Nfd7 9. a4 O-O 10. Nf3 Re8 11. O-O a6 12. Be2 Nf6 13. e5 dxe5 14. fxe5 Ng4 15.
Bg5 Qb6 16. d6 Be6 17. Nd5 Bxd5 18. Qxd5 Nd7 19. Bc4 Ngxe5 20. Nxe5 Nxe5 21.
Rxf7 Nxf7 22. Qxf7+ Kh8 23. Bf6 Rg8 24. Re1 Qxb2 25. Qxg7+ Rxg7 26. Bxb2 1-0

[Event "5. Int. Neckar-Open (A)"]
[Site "Deizisau"]
[Date "2001.04.12"]
[Round "1"]
[White "Berberich, Christoph"]
[Black "Bezold, Michael"]
[Result "0-1"]
[WhiteElo "2096"]
[BlackElo "2510"]
[PlyCount "44"]

1. d4 g6 2. Nf3 Bg7 3. c4 d6 4. Nc3 c5 5. d5 Bxc3+ 6. bxc3 f5 7. g3 Qa5 8. Qb3
Nf6 9. Rb1 Nbd7 10. Bg2 Nb6 11. Nd2 Bd7 12. O-O O-O-O 13. Re1 Rhe8 14. e4 e6
15. e5 dxe5 16. Rxe5 exd5 17. Rxe8 Rxe8 18. Bxd5 Nfxd5 19. cxd5 Re1+ 20. Kg2 c4
21. Qb4 Qxd5+ 22. f3 Rxc1 0-1

[Event "5. Int. Neckar-Open (B)"]
[Site "Deizisau"]
[Date "2001.04.12"]
[Round "1"]
[White "Hartlieb, Juergen"]
[Black "Hahnle, Bernd"]
[Result "1/2-1/2"]
[WhiteElo "1999"]
[BlackElo "1700"]
[PlyCount "117"]

1. e4 g6 2. d4 Bg7 3. Nf3 d6 4. Be2 Nf6 5. Nc3 O-O 6. h3 c5 7. dxc5 dxc5 8. Be3
Qa5 9. O-O Rd8 10. Qc1 a6 11. Nd2 Qc7 12. Nb3 b6 13. e5 Nfd7 14. Bf3 Bb7 15.
Nd5 Bxd5 16. Bxd5 Ra7 17. e6 Nf8 18. Bf4 Qc8 19. exf7+ Kh8 20. Bf3 e6 21. Bg5
Rdd7 22. Bh6 Rxf7 23. Bxg7+ Kxg7 24. Qe3 Rfe7 25. Rad1 Nc6 26. Rd6 Nb4 27. Rxb6
Qd8 28. Qe5+ Kg8 29. Rb8 Qc7 30. Qxc7 Raxc7 31. a3 Nd5 32. Re1 Kg7 33. Na5 c4
34. Re4 Nd7 35. Rd8 c3 36. b3 Kf6 37. Nc4 Nc5 38. Rd4 Nxb3 39. Rd1 Rxc4 40.
cxb3 c2 41. bxc4 cxd1=Q+ 42. Bxd1 Nc3 43. Bg4 h5 44. Bf3 Rc7 45. Rd6 Rxc4 46.
Rxa6 Rd4 47. Ra5 e5 48. Rc5 Nb1 49. Rc6+ Kf5 50. g4+ Kf4 51. gxh5 Kxf3 52. Rf6+
Ke2 53. hxg6 Rd8 54. g7 Rg8 55. Rf7 Nd2 56. h4 Nf3+ 57. Kg2 Nxh4+ 58. Kg3 Rxg7+
59. Rxg7 1/2-1/2

[Event "5. Int. Neckar-Open (B)"]
[Site "Deizisau"]
[Date "2001.04.12"]
[Round "1"]
[White "Luhn, Robert"]
[Black "Maier, Erich"]
[Result "0-1"]
[WhiteElo "1697"]
[BlackElo "1972"]
[PlyCount "70"]

1. Nf3 d5 2. d4 Nf6 3. c4 c6 4. Nc3 e6 5. Bg5 Nbd7 6. e3 Qb6 7. Qc2 Bb4 8. Nd2
Qa5 9. Bh4 O-O 10. Bd3 h6 11. O-O Re8 12. a3 Bd6 13. f4 Qc7 14. Nf3 c5 15. Nb5
Qb8 16. Nxd6 Qxd6 17. Ne5 cxd4 18. exd4 dxc4 19. Qxc4 b6 20. Nxd7 Nxd7 21. Be4
Rb8 22. Bg3 b5 23. Qc3 f5 24. Bf3 Nb6 25. b3 Bb7 26. Qc5 Red8 27. Qxb5 Bxf3 28.
gxf3 Qxd4+ 29. Bf2 Qxf4 30. Bxb6 Rxb6 31. Qc4 Rd2 32. Kh1 Qe5 33. Qg4 Rxb3 34.
Rae1 Re3 35. Rc1 Ree2 0-1

[Event "5. Int. Neckar-Open (A)"]
[Site "Deizisau"]
[Date "2001.04.13"]
[Round "2"]
[White "Rau, Hannes"]
[Black "Graf, Alexander"]
[Result "0-1"]
[WhiteElo "2252"]
[BlackElo "2649"]
[PlyCount "124"]

1. d4 g6 2. c4 Bg7 3. Nc3 d6 4. e4 Nc6 5. Be3 Nf6 6. f3 a6 7. Nge2 Bd7 8. Qd2
O-O 9. Nc1 e5 10. d5 Nd4 11. N1e2 Nxe2 12. Bxe2 Nh5 13. O-O f5 14. c5 Nf4 15.
Kh1 Qe7 16. cxd6 cxd6 17. a4 Qf7 18. Rac1 g5 19. exf5 Bxf5 20. Ne4 Qg6 21. Nf2
Rae8 22. Bd1 Rc8 23. Bb3 h5 24. Rxc8 Rxc8 25. Rc1 Rxc1+ 26. Qxc1 g4 27. fxg4
hxg4 28. Bxf4 exf4 29. Qxf4 Bxb2 30. Bd1 Be5 31. Qe3 g3 32. hxg3 Qxg3 33. Qxg3+
Bxg3 34. Kg1 Kg7 35. Kf1 Kf6 36. Ng4+ Kg5 37. Ne3 Be4 38. Bc2 Kf4 39. Ke2 Bxc2
40. Nxc2 Ke4 41. Nb4 Kd4 42. Kf3 Bh4 43. Kg4 Bd8 44. Kf5 Kc3 45. Na2+ Kb3 46.
Nc1+ Kxa4 47. Ke6 Bg5 48. Nd3 Kb5 49. Kxd6 a5 50. Ne1 a4 51. Nc2 Kc4 52. Na3+
Kb3 53. Nb1 Bf4+ 54. Ke6 a3 55. Nxa3 Kxa3 56. Kf5 Bg3 57. Kg4 Bd6 58. Kf3 b5
59. g4 Be7 60. Kf4 b4 61. g5 b3 62. g6 Bf8 0-1

[Event "5. Int. Neckar-Open (A)"]
[Site "Deizisau"]
[Date "2001.04.13"]
[Round "2"]
[White "Haag, Ulrich"]
[Black "Ftacnik, Lubomir"]
[Result "0-1"]
[WhiteElo "2246"]
[BlackElo "2618"]
[PlyCount "76"]

1. d4 Nf6 2. c4 g6 3. Nc3 d5 4. cxd5 Nxd5 5. e4 Nxc3 6. bxc3 Bg7 7. Nf3 c5 8.
Rb1 O-O 9. Be2 Nc6 10. d5 Ne5 11. Nxe5 Bxe5 12. Qd2 e6 13. f4 Bc7 14. Rb3 exd5
15. exd5 Ba5 16. O-O Qd6 17. Ra3 c4 18. Rxa5 Qb6+ 19. Kh1 Qxa5 20. f5 Rd8 21.
Qh6 Bxf5 22. Rxf5 gxf5 23. Qg5+ Kf8 24. Qf6 Qa6 25. Qh8+ Ke7 26. Qe5+ Kd7 27.
Qxf5+ Kc7 28. Qxf7+ Kb6 29. Be3+ Ka5 30. Qc7+ b6 31. Qe7 Qb5 32. Qa3+ Qa4 33.
Qxa4+ Kxa4 34. Bxc4 Rac8 35. Bb3+ Ka5 36. Bf2 Re8 37. c4 Kb4 38. g4 Re2 0-1

[Event "5. Int. Neckar-Open (A)"]
[Site "Deizisau"]
[Date "2001.04.13"]
[Round "2"]
[White "Landa, Konstantin"]
[Black "Mareck, Sascha"]
[Result "1-0"]
[WhiteElo "2610"]
[BlackElo "2233"]
[PlyCount "49"]

1. e4 c5 2. Nf3 d6 3. d4 cxd4 4. Nxd4 Nf6 5. Nc3 a6 6. Be3 Ng4 7. Bg5 h6 8. Bh4
g5 9. Bg3 Bg7 10. h4 Ne5 11. Nf5 Bxf5 12. exf5 Qa5 13. Qd5 Nbc6 14. Qxa5 Nxa5
15. Nd5 Rc8 16. O-O-O Nd7 17. Be2 Nc4 18. Bxc4 Rxc4 19. Rhe1 Be5 20. Bxe5 Nxe5
21. f6 e6 22. Nc3 Rxc3 23. bxc3 Nc4 24. Re4 b5 25. Rxc4 1-0

[Event "5. Int. Neckar-Open (A)"]
[Site "Deizisau"]
[Date "2001.04.13"]
[Round "2"]
[White "Ramesa, Davor"]
[Black "Rogers, Ian"]
[Result "0-1"]
[WhiteElo "2291"]
[BlackElo "2529"]
[PlyCount "80"]

1. c4 c5 2. Nf3 g6 3. g3 Bg7 4. Nc3 Nc6 5. Bg2 e5 6. O-O d6 7. d3 Nge7 8. a3
O-O 9. Rb1 a5 10. Nb5 d5 11. cxd5 Nxd5 12. Nd2 Nde7 13. Nc4 Rb8 14. Bd2 Bg4 15.
Re1 Qd7 16. Bc3 b6 17. b4 axb4 18. axb4 Nd4 19. Nba3 e4 20. Bxd4 Bxd4 21. bxc5
Qf5 22. Rf1 exd3 23. Qxd3 Qxd3 24. exd3 Bxc5 25. Rfe1 Rfd8 26. Rb3 Be6 27. Be4
Nf5 28. Nb5 Nd4 29. Nxd4 Rxd4 30. Bc6 Rbd8 31. Rb2 Rxd3 32. Ne3 h5 33. Bb5 R3d4
34. h4 Ra8 35. Kg2 Kg7 36. Bf1 f5 37. Rd1 f4 38. Rxd4 Bxd4 39. Rd2 fxe3 40.
Rxd4 Ra2 0-1

[Event "5. Int. Neckar-Open (A)"]
[Site "Deizisau"]
[Date "2001.04.13"]
[Round "2"]
[White "Kekelidze, Mikheil"]
[Black "Gikas, Basilius"]
[Result "1/2-1/2"]
[WhiteElo "2512"]
[BlackElo "2195"]
[PlyCount "128"]

1. d4 d5 2. Nf3 c6 3. c4 Nf6 4. Nc3 dxc4 5. e4 b5 6. e5 Nd5 7. a4 e6 8. axb5
Nxc3 9. bxc3 cxb5 10. Ng5 Bb7 11. Qh5 g6 12. Qg4 Be7 13. Be2 Bd5 14. O-O Nc6
15. Bf3 a5 16. Ne4 Rc8 17. Bh6 b4 18. Rfd1 b3 19. Nd6+ Bxd6 20. Bxd5 Bf8 21.
Bxe6 fxe6 22. Qxe6+ Ne7 23. Bxf8 Rxf8 24. d5 Qd7 25. Qa6 Nxd5 26. Rxa5 Qc6 27.
Qxc6+ Rxc6 28. Raxd5 Rf5 29. f3 Ke7 30. Rd7+ Ke6 31. Rxh7 Rxe5 32. Kf2 Rd6 33.
Rxd6+ Kxd6 34. Ra7 Kc6 35. Ra1 Kb6 36. h4 Rd5 37. g4 Rd3 38. Rc1 Kb5 39. h5
gxh5 40. gxh5 Rd5 41. Rh1 Ka4 42. h6 Rd8 43. Ra1+ Kb5 44. Ke3 Rh8 45. Rh1 Ka4
46. Kd2 Ka3 47. Kc1 b2+ 48. Kb1 Kb3 49. Rh2 Kxc3 50. f4 Kd4 51. Kxb2 Ke4 52.
Rh4 Kf3 53. f5 Kg3 54. Rh1 Kg4 55. f6 Kg5 56. Rf1 Kg6 57. Kc3 Kf7 58. Kd4 Rxh6
59. Ke5 Rh5+ 60. Kd4 Rh6 61. Ke5 Rh5+ 62. Ke4 Rh6 63. Kd4 Rxf6 64. Rxf6+ Kxf6
1/2-1/2

[Event "5. Int. Neckar-Open (A)"]
[Site "Deizisau"]
[Date "2001.04.13"]
[Round "2"]
[White "Schweiger, Georg"]
[Black "Schlosser, Philipp"]
[Result "0-1"]
[WhiteElo "2182"]
[BlackElo "2511"]
[PlyCount "63"]

1. e4 e6 2. d4 d5 3. exd5 exd5 4. Nf3 Nc6 5. Bb5 Bd6 6. c4 dxc4 7. d5 a6 8. Ba4
b5 9. dxc6 bxa4 10. O-O Ne7 11. Nbd2 Be6 12. Qe2 O-O 13. Nxc4 Nxc6 14. Bg5 Bxc4
15. Qxc4 Ne5 16. Nxe5 Qxg5 17. f4 Qf5 18. Rae1 Rab8 19. Qxa6 Rxb2 20. Qxa4 Rb4
21. Qc6 Rxf4 22. Rxf4 Qxf4 23. Nf3 Qb4 24. a4 g6 25. Rc1 Rb8 26. Kf1 Qa3 27.
Re1 Kg7 28. h4 h5 29. Ng5 Qd3+ 30. Kg1 Qd4+ 31. Kf1 Bg3 32. Qf3 {
Zeitueberschreitung} 0-1

[Event "5. Int. Neckar-Open (A)"]
[Site "Deizisau"]
[Date "2001.04.13"]
[Round "2"]
[White "Bezold, Michael"]
[Black "Khadempour, Farhad"]
[Result "1-0"]
[WhiteElo "2510"]
[BlackElo "2204"]
[PlyCount "61"]

1. b3 Nf6 2. Bb2 e6 3. g3 c5 4. Bg2 d5 5. e3 Nc6 6. Nf3 d4 7. O-O Be7 8. Qe2
O-O 9. d3 e5 10. Nbd2 h6 11. Nc4 Qc7 12. c3 Bg4 13. h3 Bxf3 14. Bxf3 Rfe8 15.
Bxc6 Qxc6 16. Nxe5 Qe6 17. cxd4 cxd4 18. Bxd4 Qxh3 19. Qf3 b6 20. Nc6 Bd6 21.
Bxf6 gxf6 22. Rac1 b5 23. Nd4 Qd7 24. Qc6 Qd8 25. Qxb5 Bxg3 26. fxg3 Rxe3 27.
Nf5 Rxd3 28. Qc4 Qb6+ 29. Rf2 Rxg3+ 30. Nxg3 Qe3 31. Qf4 1-0

[Event "5. Int. Neckar-Open (A)"]
[Site "Deizisau"]
[Date "2001.04.13"]
[Round "2"]
[White "Bendler, Ralf"]
[Black "Balinov, Ilija"]
[Result "0-1"]
[WhiteElo "2180"]
[BlackElo "2482"]
[PlyCount "80"]

1. e4 c5 2. c3 d5 3. exd5 Qxd5 4. d4 Nf6 5. Na3 cxd4 6. Nb5 Na6 7. Qxd4 Qxd4 8.
Nxd4 e5 9. Nb3 Nc7 10. Nf3 Bd6 11. Be3 Ncd5 12. Bc5 Bxc5 13. Nxc5 O-O 14. Bc4
b6 15. Ne4 Nf4 16. Nxf6+ gxf6 17. O-O-O Bg4 18. Rd6 Kg7 19. Nh4 Rac8 20. Ba6
Rcd8 21. Rxd8 Rxd8 22. Bc4 Be6 23. Bxe6 fxe6 24. Kc2 f5 25. Nf3 Kf6 26. g3 Nd3
27. Rf1 e4 28. Nd4 e5 29. Ne2 Nxb2 30. f4 Nc4 31. Re1 Rd2+ 32. Kb3 b5 33. Kb4
a6 34. a4 Ne3 35. fxe5+ Kxe5 36. c4 Ng2 37. Rc1 Rxe2 38. c5 Ne3 39. c6 Nd5+ 40.
Kc5 bxa4 0-1

[Event "5. Int. Neckar-Open (B)"]
[Site "Deizisau"]
[Date "2001.04.13"]
[Round "2"]
[White "Maier, Erich"]
[Black "Nekhof, Petar"]
[Result "1/2-1/2"]
[WhiteElo "1972"]
[BlackElo "1805"]
[PlyCount "126"]

1. d4 d5 2. Nf3 c6 3. c3 Bf5 4. Bg5 Nd7 5. e3 Ngf6 6. Bd3 Bg4 7. h3 Bh5 8. Nbd2
e6 9. Qb3 Qc7 10. O-O Be7 11. c4 dxc4 12. Bxc4 Bg6 13. Rfe1 Nb6 14. Ne5 Nfd5
15. Bxe7 Qxe7 16. Bxd5 Nxd5 17. a3 Rc8 18. Rac1 f6 19. Nef3 O-O 20. Qc4 Rfe8
21. Nb3 Bf7 22. Qc5 a6 23. Qxe7 Rxe7 24. Nc5 Rec7 25. Nd2 Nb6 26. Nde4 Nd7 27.
Kf1 Kf8 28. Nd6 Nxc5 29. dxc5 e5 30. e4 Be6 31. Ke2 Rd7 32. Red1 Ke7 33. b4 g6
34. Rb1 h5 35. f3 h4 36. Rd2 Rg8 37. Ke3 g5 38. Rbd1 Ra8 39. Rb1 Rc7 40. Kd3
Rf8 41. Kc3 Rd7 42. Rbd1 Ra8 43. Rb1 Rad8 44. a4 Ra8 45. Rbd1 Kf8 46. Nf5 Rxd2
47. Rxd2 Bxf5 48. exf5 Ke7 49. Rd6 Rd8 50. Rxd8 Kxd8 51. Kc4 Ke8 52. Kd3 Ke7
53. Kc3 Kd7 54. Kc4 Kc7 55. b5 a5 56. Kd3 Kd7 57. b6 Ke7 58. Ke3 Kf7 59. Ke4
Kg7 60. Ke3 Kh6 61. Ke4 Kh5 62. Ke3 Kh6 63. Ke4 Kh5 1/2-1/2

[Event "5. Int. Neckar-Open (B)"]
[Site "Deizisau"]
[Date "2001.04.13"]
[Round "2"]
[White "Breitenstein, Bert"]
[Black "Wolf, Stefan"]
[Result "1/2-1/2"]
[WhiteElo "1952"]
[BlackElo "1805"]
[PlyCount "27"]

1. d4 d5 2. Bg5 c6 3. Nc3 Bf5 4. e3 Nd7 5. Bd3 Bxd3 6. Qxd3 Ngf6 7. Nf3 e6 8.
O-O Be7 9. Rae1 O-O 10. Ne5 Rc8 11. f4 Ne8 12. Bxe7 Qxe7 13. e4 dxe4 14. Nxe4
1/2-1/2

[Event "5. Int. Neckar-Open (A)"]
[Site "Deizisau"]
[Date "2001.04.13"]
[Round "3"]
[White "Graf, Alexander"]
[Black "Zude, Erik"]
[Result "1-0"]
[WhiteElo "2649"]
[BlackElo "2326"]
[PlyCount "77"]

1. d4 Nf6 2. c4 g6 3. Nc3 Bg7 4. e4 d6 5. f3 O-O 6. Be3 c5 7. dxc5 dxc5 8. Qxd8
Rxd8 9. Bxc5 Nc6 10. Nd5 Nd7 11. Nxe7+ Nxe7 12. Bxe7 Bxb2 13. Rb1 Be5 14. Kd1
Re8 15. Kc2 Bg7 16. Bd6 Nb6 17. Nh3 Be6 18. Nf4 Bxc4 19. Rxb6 Bxf1 20. Rxb7 Bc4
21. a3 Rec8 22. Rc7 Rxc7 23. Bxc7 Rc8 24. Ba5 Bh6 25. g3 Be2+ 26. Kd2 Bxf3 27.
Re1 Rc4 28. Kd3 Ra4 29. Bb4 Bf8 30. Nd5 f5 31. Nf6+ Kf7 32. Bxf8 fxe4+ 33. Nxe4
Bxe4+ 34. Rxe4 Rxe4 35. Kxe4 Kxf8 36. Kd5 Ke7 37. Kc6 Ke6 38. Kb7 Kd5 39. Kxa7
1-0

[Event "5. Int. Neckar-Open (A)"]
[Site "Deizisau"]
[Date "2001.04.13"]
[Round "3"]
[White "Kountz, Jochen"]
[Black "Tregubov, Pavel"]
[Result "0-1"]
[WhiteElo "2325"]
[BlackElo "2628"]
[PlyCount "84"]

1. e4 c5 2. Nf3 e6 3. Nc3 Nc6 4. d4 cxd4 5. Nxd4 Qc7 6. Be2 a6 7. O-O Nf6 8.
Kh1 Nxd4 9. Qxd4 Bc5 10. Qd3 b5 11. f4 Bb7 12. Bf3 h5 13. e5 Ng4 14. Bxb7 Qxb7
15. Ne4 Be7 16. Qf3 Qc6 17. b3 O-O 18. c3 f5 19. exf6 Nxf6 20. Nxf6+ Bxf6 21.
Bd2 Rac8 22. Qxh5 b4 23. Rae1 bxc3 24. Bc1 Qd5 25. Qe2 c2 26. Rf3 Qb5 27. Qe4
Rc6 28. Rd3 d5 29. Qe2 Bc3 30. Rf1 e5 31. fxe5 Rxf1+ 32. Qxf1 Bxe5 33. a4 Rf6
34. Qxf6 Qxd3 35. Qd8+ Kh7 36. Qh4+ Kg6 37. Qg4+ Kf6 38. Bg5+ Kf7 39. Qd7+ Kg6
40. Qe8+ Kf5 41. g4+ Kxg4 42. Qxe5 Qf1# 0-1

[Event "5. Int. Neckar-Open (A)"]
[Site "Deizisau"]
[Date "2001.04.13"]
[Round "3"]
[White "Ftacnik, Lubomir"]
[Black "Rudolf, Hendrik"]
[Result "1-0"]
[WhiteElo "2618"]
[BlackElo "2321"]
[PlyCount "71"]

1. d4 g6 2. c4 Bg7 3. e4 d6 4. Nc3 Nf6 5. Be2 O-O 6. Nf3 e5 7. Be3 h6 8. d5 Ng4
9. Bc1 f5 10. g3 Na6 11. Nh4 Qe8 12. exf5 gxf5 13. Bxg4 fxg4 14. Be3 Bf6 15.
Bxh6 Bxh4 16. gxh4 Rf3 17. Rg1 Kh7 18. Be3 Bf5 19. h3 Rxh3 20. Ne4 Kh8 21. Ng3
Qf7 22. Qd2 Rxh4 23. Bxa7 Rg8 24. Be3 Bh7 25. b4 Rh2 26. O-O-O c6 27. Qc3 Rc8
28. dxc6 Rxc6 29. c5 Qg6 30. Kb2 Nxb4 31. Qxb4 Qc2+ 32. Ka1 Ra6 33. Qb2 Rxa2+
34. Kxa2 Bg8+ 35. Ka3 Qc4 36. Rxd6 1-0

[Event "5. Int. Neckar-Open (A)"]
[Site "Deizisau"]
[Date "2001.04.13"]
[Round "3"]
[White "Schnitzspan, Lothar"]
[Black "Landa, Konstantin"]
[Result "0-1"]
[WhiteElo "2319"]
[BlackElo "2610"]
[PlyCount "104"]

1. Nf3 c5 2. c4 Nc6 3. g3 e5 4. Nc3 g6 5. Bg2 Bg7 6. O-O d6 7. d3 Nge7 8. a3 a5
9. Rb1 O-O 10. Ne1 Be6 11. Nc2 d5 12. cxd5 Nxd5 13. Ne4 b6 14. Ng5 Bc8 15. Ne3
Nde7 16. Bd2 h6 17. Ne4 f5 18. Qb3+ Kh7 19. Nc3 Rb8 20. Rfc1 f4 21. Nf1 f3 22.
exf3 Qxd3 23. Be3 Nd4 24. Bxd4 exd4 25. Rd1 Qa6 26. Nb5 a4 27. Qc4 Bd7 28. Nd6
Qxc4 29. Nxc4 b5 30. Re1 Bf5 31. Rbc1 bxc4 32. Rxe7 Bd3 33. Nd2 c3 34. bxc3 Rb2
35. Nf1 dxc3 36. Rxc3 c4 37. Ne3 Rb1+ 38. Bf1 Rxf3 39. Rxd3 cxd3 40. Rd7 Rb2
41. Bxd3 Rfxf2 42. Nd1 Rg2+ 43. Kf1 Ra2 44. Nc3 Raf2+ 45. Ke1 Rb2 46. Ne2 Rxh2
47. Ra7 Rb3 48. Nf4 Rxa3 49. Bxg6+ Kh8 50. Ra8+ Bf8 51. Rxf8+ Kg7 52. Rf7+ Kg8
0-1

[Event "5. Int. Neckar-Open (A)"]
[Site "Deizisau"]
[Date "2001.04.13"]
[Round "3"]
[White "Rogers, Ian"]
[Black "Mensch, Etienne"]
[Result "1-0"]
[WhiteElo "2529"]
[BlackElo "2313"]
[PlyCount "53"]

1. d4 Nf6 2. c4 c5 3. d5 b5 4. cxb5 a6 5. b6 d6 6. Nc3 Qxb6 7. e4 g6 8. a4 Bg7
9. a5 Qb4 10. Ra4 Qb7 11. Nf3 Bg4 12. Be2 Bxf3 13. Bxf3 Nbd7 14. O-O O-O 15.
Be2 Rfb8 16. f4 Ra7 17. Bc4 Ne8 18. Qd3 Nc7 19. b3 Nb5 20. Ne2 Qc7 21. Bd2 Rab7
22. Kh1 Qd8 23. h3 h5 24. e5 dxe5 25. f5 Kh7 26. fxg6+ fxg6 27. Qxg6+ 1-0

[Event "5. Int. Neckar-Open (A)"]
[Site "Deizisau"]
[Date "2001.04.13"]
[Round "3"]
[White "Schlosser, Philipp"]
[Black "Kniest, Oliver"]
[Result "1/2-1/2"]
[WhiteElo "2511"]
[BlackElo "2325"]
[PlyCount "51"]

1. d4 e6 2. c4 d5 3. Nc3 c6 4. e3 Nf6 5. b3 Bb4 6. Bb2 Ne4 7. Nge2 Nd7 8. a3
Nxc3 9. Nxc3 Be7 10. Bd3 Nf6 11. O-O b6 12. Qc2 Bb7 13. Rad1 O-O 14. e4 dxe4
15. Nxe4 h6 16. Rfe1 Qc7 17. b4 a5 18. Bc3 axb4 19. axb4 Rfd8 20. Nxf6+ Bxf6
21. Bh7+ Kh8 22. Be4 Rd7 23. Rd2 Rad8 24. Red1 c5 25. Bxb7 cxd4 26. Bxd4
1/2-1/2

[Event "5. Int. Neckar-Open (A)"]
[Site "Deizisau"]
[Date "2001.04.13"]
[Round "3"]
[White "Wegerle, Joerg"]
[Black "Bezold, Michael"]
[Result "1/2-1/2"]
[WhiteElo "2303"]
[BlackElo "2510"]
[PlyCount "52"]

1. c4 c6 2. Nf3 d5 3. cxd5 cxd5 4. d4 Nf6 5. Nc3 a6 6. Bf4 e6 7. e3 Nc6 8. Bd3
Be7 9. O-O Nh5 10. Ne2 Nxf4 11. Nxf4 Bd6 12. h4 Bd7 13. g3 g6 14. Rc1 Qb6 15.
Qe2 Rc8 16. a3 Rc7 17. b4 Na7 18. Rxc7 Qxc7 19. Qb2 Nc8 20. Rc1 Qd8 21. Be2 b5
22. Nd3 Nb6 23. Nc5 Bc8 24. Qc2 O-O 25. Kg2 Qe7 26. Bd3 Kg7 1/2-1/2

[Event "5. Int. Neckar-Open (A)"]
[Site "Deizisau"]
[Date "2001.04.13"]
[Round "3"]
[White "Balinov, Ilija"]
[Black "Reuss, Andreas"]
[Result "1/2-1/2"]
[WhiteElo "2482"]
[BlackElo "2295"]
[PlyCount "53"]

1. e4 c6 2. d4 d5 3. e5 Bf5 4. c3 e6 5. Be3 Nd7 6. Nd2 c5 7. f4 cxd4 8. cxd4
Rc8 9. Rc1 Ne7 10. Rxc8 Qxc8 11. Ngf3 Qc2 12. Qxc2 Bxc2 13. Be2 Nc6 14. Kf2 Be7
15. Rc1 Bg6 16. Bb5 Ndb8 17. a3 Kd7 18. b4 a5 19. bxa5 Bxa3 20. Ra1 Bb4 21. Nb3
Kc7 22. Ne1 Bc3 23. Rc1 Bb2 24. Rd1 Bc3 25. Rc1 Bb2 26. Rd1 Bc3 27. Rc1 1/2-1/2